[Event "Saarland-ch Seniors"]
[Site "Schiffweiler"]
[Date "2009.04.04"]
[Round "2"]
[White "Pyrek, Adolf"]
[Black "Reichel, Reinhard"]
[Result "0-1"]
[WhiteElo "1216"]
[BlackElo "1745"]
[PlyCount "64"]
[EventDate "2009.04.03"]
[EventType "swiss"]
[EventRounds "9"]
[EventCountry "GER"]
[SourceTitle "EXT 2012"]
[Source "ChessBase"]
[SourceDate "2011.11.24"]
[SourceVersion "1"]
[SourceVersionDate "2011.11.24"]
[SourceQuality "1"]

1. e4 c5 2. Nf3 Nc6 3. Bc4 e6 4. d3 d5 5. exd5 exd5 6. Bb3 Be7 7. c3 Nf6 8. h3 0-0 9. 0-0 h6 10. Bf4 Bf5 11. Bc2 d4 12. Nbd2 Nd5 13. Bg3 dxc3 14. Nc4 cxb2 15. Nxb2 Bf6 16. d4 Bxc2 17. Qxc2 Nxd4 18. Nxd4 Bxd4 19. Rae1 Re8 20. Nd3 Rc8 21. Ne5 Qg5 22. Nf3 Qxg3 23. Nxd4 Qc3 24. Qxc3 Nxc3 25. Nf5 Rxe1 26. Rxe1 Rc7 27. Re8+ Kh7 28. g4 Nxa2 29. f4 c4 30. g5 hxg5 31. fxg5 c3 32. Nh4 c2 0-1